| 000 | 00437nam a22001457a 4500 | ||
|---|---|---|---|
| 003 | SGT | ||
| 082 |
_a612.015 _bS21S |
||
| 100 | _aSURYAN, VARSHA | ||
| 245 | _aSTUDY THE LEVELS OF NON-CONVENTIONAL LIPID PARAMETERS, LIPID TETRAD INDAX, LIPID PENTAD INDEX AND ADVANCED ATHEROGENIC INDAX IN HYPOTHYROID PATIENTS | ||
| 260 |
_aGURUGRAM _bSGT UNIVERSITY _c2021 |
||
| 300 | _a82 | ||
| 650 | _aBIOCHEMISTRY | ||
| 653 | _aM.Sc | ||
| 942 |
_2ddc _cTH |
||
| 999 |
_c26637 _d26637 |
||